[Event "España ch sub-18 2012"]
[Site "Salobreña ESP"]
[Date "2012.07.27"]
[Round "7.15"]
[White "Capote Robayna, Nathaniel"]
[Black "Fernandez Diaz, Cristian"]
[Result "0-1"]
[WhiteElo "2044"]
[BlackElo "2162"]
[PlyCount "94"]
[EventDate "2012.07.23"]
[EventType "swiss"]
[EventRounds "9"]
[EventCountry "ESP"]
[Source "lmi"]
[SourceDate "2012.07.23"]

1. e4 c5 2. Nf3 Nc6 3. d4 cxd4 4. Nxd4 g6 5. c4 Bg7 6. Be3 Nf6 7. Nc3 d6 8. Be2
O-O 9. O-O Bd7 10. Qd2 Nxd4 11. Bxd4 Bc6 12. f3 Nd7 13. Be3 a5 14. Rab1 Nc5 15.
b3 f5 16. exf5 Rxf5 17. Bd1 Qf8 18. a3 Ne4 19. Nxe4 Bxe4 20. Rc1 Qf6 21. Be2
Bc6 22. Rc2 Rf8 23. b4 axb4 24. axb4 d5 25. Rd1 Ba4 26. cxd5 Bxc2 27. Qxc2 Kh8
28. g4 Rxf3 29. Bd4 Qf4 30. Bxg7+ Kxg7 31. Bxf3 Qxf3 32. Qd2 Qxg4+ 33. Kh1 Rf4
34. Qc3+ Kf7 35. Re1 Rf2 36. Rxe7+ Kxe7 37. Qe3+ Kd6 38. Qxf2 Qd1+ 39. Kg2
Qxd5+ 40. Kg1 Qd1+ 41. Kg2 Qg4+ 42. Kh1 Qe4+ 43. Kg1 Ke5 44. Qc5+ Kf6 45. Qf8+
Kg5 46. Qd8+ Kh5 47. Qd1+ Qg4+ 0-1

[Event "España ch sub-18 2012"]
[Site "Salobreña ESP"]
[Date "2012.07.27"]
[Round "7.16"]
[White "Arnedo Ruiz, Alberto"]
[Black "Perera Borrego, Mariela"]
[Result "1/2-1/2"]
[WhiteElo "2124"]
[BlackElo "2066"]
[PlyCount "77"]
[EventDate "2012.07.23"]
[EventType "swiss"]
[EventRounds "9"]
[EventCountry "ESP"]
[Source "lmi"]
[SourceDate "2012.07.23"]

1. e4 d6 2. d4 Nf6 3. f3 c5 4. d5 e6 5. c4 exd5 6. cxd5 g6 7. Bd3 Bg7 8. Ne2
O-O 9. O-O a6 10. a4 Nbd7 11. Nd2 Ne5 12. Nc4 Nxc4 13. Bxc4 Rb8 14. a5 Nd7 15.
f4 b5 16. axb6 Rxb6 17. Qd3 Nb8 18. Bd2 Rxb2 19. Bc3 Bxc3 20. Qxc3 Rb4 21. e5
a5 22. Rae1 Bb7 23. Ng3 dxe5 24. Ne4 Rxc4 25. Qxc4 Ba6 26. Qc3 f5 27. fxe5 Bxf1
28. Nf6+ Rxf6 29. exf6 Qxd5 30. Kxf1 Nc6 31. Qe3 Kf7 32. h4 Kxf6 33. Qh6 Ne5
34. Qf8+ Ke6 35. Qe8+ Kd6 36. Qf8+ Ke6 37. Qe8+ Kd6 38. Qb8+ Ke6 39. Qg8+
1/2-1/2

[Event "España ch sub-18 2012"]
[Site "Salobreña ESP"]
[Date "2012.07.27"]
[Round "7.17"]
[White "Gomez Dieguez, David"]
[Black "Santos Ruiz, Miguel"]
[Result "0-1"]
[WhiteElo "2081"]
[BlackElo "2106"]
[PlyCount "132"]
[EventDate "2012.07.23"]
[EventType "swiss"]
[EventRounds "9"]
[EventCountry "ESP"]
[Source "lmi"]
[SourceDate "2012.07.23"]

1. e4 e6 2. d4 d5 3. Nd2 Nc6 4. Ngf3 Nf6 5. e5 Nd7 6. Be2 f6 7. exf6 Qxf6 8.
Nf1 b6 9. Ne3 Bb7 10. O-O O-O-O 11. c3 Bd6 12. b4 Rdg8 13. c4 dxc4 14. b5 Ne7
15. Nxc4 Bf4 16. Bxf4 Qxf4 17. Qc1 Nd5 18. g3 Qxc1 19. Raxc1 Kd8 20. Ng5 Ke7
21. Bg4 Kf6 22. Nxe6 h5 23. Bh3 g5 24. Nxg5 Rxg5 25. Bxd7 Nf4 26. Rce1 Bf3 27.
h4 Rg7 28. Re3 Ne2+ 29. Kh2 Nxd4 30. Ne5 Be2 31. Re1 Re7 32. f4 Nf3+ 33. Kh3
Nxe1 34. Rxe2 Nf3 35. Re3 Nxe5 36. fxe5+ Rxe5 37. Ra3 Rd8 38. Bc6 Rd2 39. g4
hxg4+ 40. Kxg4 Rd4+ 41. Kg3 Rc5 42. h5 Rxh5 43. Rxa7 Rd3+ 44. Kg4 Rc5 45. Ra4
Rdc3 46. Rf4+ Kg7 47. Re4 R5c4 48. Kf4 Kf6 49. Bd5 Rxe4+ 50. Kxe4 Ke7 51. Kd4
Ra3 52. Bb3 Kd6 53. Kc4 Ra8 54. Kb4 Rh8 55. Bf7 Rh4+ 56. Bc4 Rf4 57. Kc3 Kc5
58. Be2 Re4 59. Bd3 Re3 60. Kd2 Kd4 61. Bc2 Rh3 62. Bb3 Rh2+ 63. Kd1 Kc3 64.
Be6 Rb2 65. a4 Rb1+ 66. Ke2 Ra1 0-1

[Event "España ch sub-18 2012"]
[Site "Salobreña ESP"]
[Date "2012.07.27"]
[Round "7.18"]
[White "Urriza Iricibar, Pablo"]
[Black "Jimenez Almeida, Luis David"]
[Result "1-0"]
[WhiteElo "1978"]
[BlackElo "2097"]
[PlyCount "137"]
[EventDate "2012.07.23"]
[EventType "swiss"]
[EventRounds "9"]
[EventCountry "ESP"]
[Source "lmi"]
[SourceDate "2012.07.23"]

1. e4 c5 2. Nf3 Nc6 3. Bb5 g6 4. Bxc6 dxc6 5. d3 Bg7 6. h3 e5 7. O-O Qe7 8. Be3
Nf6 9. Nbd2 Nd7 10. a4 O-O 11. Nc4 b6 12. Re1 Rd8 13. Qb1 a5 14. Qa2 Kh8 15.
Ng5 Rf8 16. Nf3 Rb8 17. Rab1 f6 18. b3 Rd8 19. Rbd1 Ba6 20. c3 Nf8 21. d4 cxd4
22. cxd4 exd4 23. Rxd4 Rxd4 24. Bxd4 Ne6 25. Bc3 Nc5 26. Qc2 Bxc4 27. bxc4 Re8
28. e5 f5 29. Nd4 Ne4 30. Bb2 Qxe5 31. Ba1 Qd6 32. Nf3 Qb4 33. Bxg7+ Kxg7 34.
Rd1 Re7 35. Rd8 g5 36. Nd4 Qc5 37. Qb2 Kh6 38. g4 fxg4 39. hxg4 Rf7 40. Nf5+
Rxf5 41. gxf5 Qxf5 42. Qxb6 Qg4+ 43. Kf1 Qh3+ 44. Ke2 Qe6 45. Kf1 Qxc4+ 46. Kg2
Qe6 47. Rd3 Nf6 48. Rd4 Nd5 49. Qb2 Nf4+ 50. Kf1 c5 51. Rd8 Qh3+ 52. Ke1 Nd3+
53. Rxd3 Qxd3 54. Qb6+ Kh5 55. Qxa5 c4 56. Qa8 c3 57. Qh1+ Kg6 58. Qc6+ Kf7 59.
Qb7+ Kf6 60. Qc6+ Ke5 61. Qe8+ Kf4 62. Qf7+ Kg4 63. Qe6+ Kf4 64. Qf6+ Qf5 65.
Qxc3 Qe4+ 66. Qe3+ Qxe3+ 67. fxe3+ Ke4 68. a5 Kd5 69. e4+ 1-0

[Event "España ch sub-18 2012"]
[Site "Salobreña ESP"]
[Date "2012.07.27"]
[Round "7.19"]
[White "Angeleri Gastanaga, Rodrigo N"]
[Black "Garcia Rodriguez, Sara"]
[Result "1-0"]
[WhiteElo "2096"]
[BlackElo "2015"]
[PlyCount "106"]
[EventDate "2012.07.23"]
[EventType "swiss"]
[EventRounds "9"]
[EventCountry "ESP"]
[Source "lmi"]
[SourceDate "2012.07.23"]

1. e4 c5 2. Nc3 Nc6 3. Nf3 g6 4. d4 cxd4 5. Nxd4 Bg7 6. Be3 Nf6 7. Bc4 d6 8. f3
O-O 9. Qd2 Bd7 10. O-O-O Rc8 11. Bb3 Ne5 12. Kb1 a6 13. h4 h5 14. Bh6 Nc4 15.
Bxc4 Rxc4 16. Bxg7 Kxg7 17. Nd5 Nxd5 18. exd5 Qb6 19. g4 hxg4 20. h5 Rh8 21.
Qe3 Rb4 22. b3 Qc5 23. c3 Rxd4 24. Rxd4 Bf5+ 25. Kb2 gxf3 26. Qxf3 b5 27. hxg6
Rxh1 28. Qxh1 Bxg6 29. Qd1 Qc8 30. Qe2 Qf5 31. Rd1 Qf6 32. Qd2 Kg8 33. Qd4 Qg5
34. Re1 Qg2+ 35. Ka1 Qg5 36. Rh1 Qe5 37. Qxe5 dxe5 38. c4 bxc4 39. bxc4 f6 40.
c5 Be4 41. Rc1 Bxd5 42. c6 Be6 43. c7 Bc8 44. Rd1 Kf7 45. Rd8 Be6 46. c8=Q Bxc8
47. Rxc8 e4 48. Kb1 f5 49. Kc1 e3 50. Kd1 f4 51. Ke2 Kf6 52. Rc6+ Kf5 53. Rxa6
Ke4 1-0

[Event "España ch sub-18 2012"]
[Site "Salobreña ESP"]
[Date "2012.07.27"]
[Round "7.20"]
[White "Acosta Sosa, Juan Manuel"]
[Black "Blazquez Criado, Sergio"]
[Result "1-0"]
[WhiteElo "2166"]
[BlackElo "1888"]
[PlyCount "66"]
[EventDate "2012.07.23"]
[EventType "swiss"]
[EventRounds "9"]
[EventCountry "ESP"]
[Source "lmi"]
[SourceDate "2012.07.23"]

1. d4 Nf6 2. c4 e5 3. dxe5 Ng4 4. Bf4 g5 5. Bg3 Bg7 6. Nf3 Nc6 7. Nc3 Ngxe5 8.
e3 d6 9. Be2 Be6 10. Nxe5 Nxe5 11. h4 Qe7 12. Nd5 Bxd5 13. cxd5 O-O-O 14. Qa4
Kb8 15. hxg5 Nd7 16. Rc1 Bxb2 17. Rb1 Bc3+ 18. Kf1 Nc5 19. Qc2 Qe4 20. Rc1 Qxc2
21. Rxc2 Ne4 22. Bf4 Be5 23. Bd3 Bxf4 24. exf4 Nc5 25. Bf5 c6 26. Rd2 Kc7 27.
g3 f6 28. gxf6 Rdf8 29. Rh6 Nd7 30. Bxd7 Kxd7 31. dxc6+ Kxc6 32. g4 Rf7 33. f3
d5 1-0

[Event "España ch sub-18 2012"]
[Site "Salobreña ESP"]
[Date "2012.07.27"]
[Round "7.21"]
[White "Navarro Molina, David"]
[Black "Garcia Salamero, Hector"]
[Result "1-0"]
[WhiteElo "2141"]
[BlackElo "1880"]
[PlyCount "63"]
[EventDate "2012.07.23"]
[EventType "swiss"]
[EventRounds "9"]
[EventCountry "ESP"]
[Source "lmi"]
[SourceDate "2012.07.23"]

1. d4 Nf6 2. Nf3 g6 3. c4 Bg7 4. Nc3 d6 5. e4 O-O 6. Be2 Na6 7. O-O e5 8. Re1
Qe8 9. Bf1 Bg4 10. d5 Nd7 11. Be2 Bxf3 12. Bxf3 f5 13. Rb1 Nf6 14. b4 f4 15.
Ba3 g5 16. c5 Qg6 17. Be2 Rad8 18. c6 Nb8 19. cxb7 h5 20. f3 g4 21. Nb5 gxf3
22. Bxf3 Rd7 23. Nxa7 Bh6 24. b5 Ng4 25. b6 Ne3 26. Qe2 Rg7 27. Kh1 h4 28. h3
Qg3 29. Rg1 Kh7 30. Nc6 Rfg8 31. bxc7 Rh8 32. Bc1 1-0

[Event "España ch sub-18 2012"]
[Site "Salobreña ESP"]
[Date "2012.07.27"]
[Round "7.22"]
[White "Mercado Larrea, Adrian"]
[Black "Amores Gago, Javier"]
[Result "1/2-1/2"]
[WhiteElo "1875"]
[BlackElo "2135"]
[PlyCount "66"]
[EventDate "2012.07.23"]
[EventType "swiss"]
[EventRounds "9"]
[EventCountry "ESP"]
[Source "lmi"]
[SourceDate "2012.07.23"]

1. e4 d5 2. exd5 Qxd5 3. Nc3 Qa5 4. g3 Nf6 5. Bg2 Bg4 6. Nge2 Nc6 7. h3 Bh5 8.
g4 Bg6 9. d3 O-O-O 10. Bd2 Qa6 11. a3 e5 12. b4 Nd4 13. O-O Bd6 14. Nxd4 exd4
15. Ne2 Nd7 16. Nf4 Qa4 17. Nxg6 fxg6 18. c4 Qxd1 19. Raxd1 c5 20. b5 Nb6 21.
Ba5 Rdf8 22. Bxb6 axb6 23. Be4 Rf6 24. Kg2 Rhf8 25. f3 Kc7 26. a4 Bf4 27. Ra1
Ra8 28. Ra2 Ra7 29. Rfa1 Rf8 30. a5 bxa5 31. Rxa5 Rxa5 32. Rxa5 Kb6 33. Ra2 Rg8
1/2-1/2

[Event "España ch sub-18 2012"]
[Site "Salobreña ESP"]
[Date "2012.07.27"]
[Round "7.23"]
[White "Gutierrez Valero, Mario"]
[Black "Barrio Ugidos, Ibon"]
[Result "1-0"]
[WhiteElo "2135"]
[BlackElo "1855"]
[PlyCount "59"]
[EventDate "2012.07.23"]
[EventType "swiss"]
[EventRounds "9"]
[EventCountry "ESP"]
[Source "lmi"]
[SourceDate "2012.07.23"]

1. d4 d5 2. Nf3 Nf6 3. c4 c6 4. Nc3 dxc4 5. a4 e6 6. e3 c5 7. Bxc4 Nc6 8. O-O
Be7 9. Qe2 cxd4 10. exd4 Nd5 11. Bxd5 exd5 12. Qb5 Be6 13. Qxb7 Rc8 14. Bf4 O-O
15. h3 Nb4 16. Nb5 Rc2 17. b3 a6 18. Nc7 Bc8 19. Qa7 Rc3 20. Bg3 Rxb3 21. Rab1
Ra3 22. Ne5 f6 23. Rxb4 fxe5 24. Rb8 Qd6 25. Bxe5 Qg6 26. Nxd5 Bh4 27. Nf4 Qg5
28. Qc5 Qe7 29. Rxc8 Qd8 30. Ra1 1-0

[Event "España ch sub-18 2012"]
[Site "Salobreña ESP"]
[Date "2012.07.27"]
[Round "7.24"]
[White "Nicolas Zapata, Javier"]
[Black "Martinez Fernandez, Raul"]
[Result "0-1"]
[WhiteElo "2050"]
[BlackElo "1828"]
[PlyCount "32"]
[EventDate "2012.07.23"]
[EventType "swiss"]
[EventRounds "9"]
[EventCountry "ESP"]
[Source "lmi"]
[SourceDate "2012.07.23"]

1. d4 d5 2. Bf4 Bf5 3. e3 e6 4. c4 Bxb1 5. Rxb1 Bb4+ 6. Ke2 dxc4 7. Nf3 Nc6 8.
Ne5 Qd5 9. Qa4 b5 10. Qa6 Nxe5 11. Bxe5 Ne7 12. Bxg7 Rg8 13. Be5 Nc6 14. Bxc7
Nxd4+ 15. exd4 Qe4+ 16. Kd1 Qe1+ 0-1

[Event "España ch sub-18 2012"]
[Site "Salobreña ESP"]
[Date "2012.07.28"]
[Round "8.1"]
[White "Shen, Yue"]
[Black "Anton Guijarro, David"]
[Result "0-1"]
[WhiteElo "2148"]
[BlackElo "2490"]
[PlyCount "64"]
[EventDate "2012.07.23"]
[EventType "swiss"]
[EventRounds "9"]
[EventCountry "ESP"]
[Source "lmi"]
[SourceDate "2012.07.23"]

1. d4 Nf6 2. c4 e6 3. g3 c5 4. d5 exd5 5. cxd5 d6 6. Nc3 g6 7. Bg2 Bg7 8. Nf3
O-O 9. O-O Re8 10. Nd2 b6 11. a4 Ba6 12. Nb5 Nbd7 13. Nc4 Bxb5 14. axb5 Ne5 15.
Nxe5 Rxe5 16. Bf4 Re7 17. Qd3 Rc7 18. Ra4 Nh5 19. b3 Qd7 20. Re1 Nxf4 21. Rxf4
a5 22. Re4 c4 23. Rxc4 Rxc4 24. Qxc4 Rc8 25. Qa4 Rc5 26. e4 Qc8 27. Bf1 Rc2 28.
Bd3 Rc3 29. Bc4 h5 30. Qa3 Qxc4 31. Qxd6 Qd4 32. e5 Rf3 0-1

[Event "España ch sub-18 2012"]
[Site "Salobreña ESP"]
[Date "2012.07.28"]
[Round "8.2"]
[White "Forcen Esteban, Daniel"]
[Black "Nicolas Zapata, Irene"]
[Result "1-0"]
[WhiteElo "2457"]
[BlackElo "2235"]
[PlyCount "81"]
[EventDate "2012.07.23"]
[EventType "swiss"]
[EventRounds "9"]
[EventCountry "ESP"]
[Source "lmi"]
[SourceDate "2012.07.23"]

1. e4 c5 2. Nf3 d6 3. c3 Nf6 4. Bd3 g6 5. Bc2 Bg7 6. d4 O-O 7. O-O cxd4 8. cxd4
Nc6 9. h3 d5 10. e5 Nd7 11. Nc3 Nb6 12. Re1 Bd7 13. Ng5 Qc8 14. Bb3 h6 15. Nf3
Be6 16. Nh4 a5 17. a3 Qd7 18. f4 Na7 19. Qd3 Nc4 20. Bc2 b5 21. g4 b4 22. axb4
axb4 23. Nd1 Qc6 24. f5 Bc8 25. fxg6 f6 26. Bxh6 fxe5 27. Bxg7 Kxg7 28. dxe5
Qc5+ 29. Kh2 Nxb2 30. Nxb2 Rf2+ 31. Ng2 Qxc2 32. Qxc2 Rxc2 33. Nd3 b3 34. Nb4
Rd2 35. Kg3 b2 36. Ra2 Rb8 37. Rxa7 Rxb4 38. Rxe7+ Kg8 39. Nf4 Rb3+ 40. Kh4 Rc2
41. Nh5 1-0

[Event "España ch sub-18 2012"]
[Site "Salobreña ESP"]
[Date "2012.07.28"]
[Round "8.3"]
[White "Sanchez Ibern, Marc"]
[Black "Pardo Simon, David"]
[Result "1/2-1/2"]
[WhiteElo "2364"]
[BlackElo "2421"]
[PlyCount "60"]
[EventDate "2012.07.23"]
[EventType "swiss"]
[EventRounds "9"]
[EventCountry "ESP"]
[Source "lmi"]
[SourceDate "2012.07.23"]

1. e4 e5 2. Nf3 Nc6 3. d4 exd4 4. Bc4 Nf6 5. O-O Nxe4 6. Re1 d5 7. Bxd5 Qxd5 8.
Nc3 Qa5 9. Nxe4 Be6 10. Neg5 O-O-O 11. Nxe6 fxe6 12. Rxe6 Bd6 13. Bg5 Rde8 14.
Qe2 Kd7 15. Rxe8 Rxe8 16. Qd3 h6 17. Bd2 Qh5 18. c3 dxc3 19. Bxc3 Re7 20. h3 a6
21. Rd1 Kc8 22. Re1 Rxe1+ 23. Nxe1 Be5 24. Nf3 Bxc3 25. Qxc3 Qf7 26. Ne5 Nxe5
27. Qxe5 b5 28. f4 Kb7 29. b3 Qd7 30. f5 Qf7 1/2-1/2

[Event "España ch sub-18 2012"]
[Site "Salobreña ESP"]
[Date "2012.07.28"]
[Round "8.4"]
[White "Ladron De Guevara Pinto, Paolo"]
[Black "Alcaraz Ortega, Javier"]
[Result "1-0"]
[WhiteElo "2353"]
[BlackElo "2297"]
[PlyCount "119"]
[EventDate "2012.07.23"]
[EventType "swiss"]
[EventRounds "9"]
[EventCountry "ESP"]
[Source "lmi"]
[SourceDate "2012.07.23"]

1. e4 d5 2. exd5 Qxd5 3. Nf3 Bg4 4. Be2 Nc6 5. Nc3 Qd7 6. O-O O-O-O 7. b4 Nf6
8. a4 Nd4 9. Nxd4 Qxd4 10. Rb1 Kb8 11. Rb3 e5 12. d3 Be6 13. Be3 Bxb3 14. Bxd4
exd4 15. Qb1 Be6 16. Ne4 Nd5 17. Qb2 Nxb4 18. Bf3 a5 19. Ng5 Bc5 20. Nxe6 fxe6
21. Re1 Rhe8 22. Re5 b6 23. Qb3 Rd6 24. Qc4 Re7 25. g3 c6 26. Rxc5 bxc5 27.
Qxc5 Red7 28. Qxa5 Nd5 29. Qc5 e5 30. a5 Rf6 31. Be4 h6 32. a6 Ra7 33. Bxd5
cxd5 34. Qxd5 Raxa6 35. Qxe5+ Rad6 36. h4 Kc8 37. Qe8+ Rd8 38. Qb5 Rd7 39. Kg2
Kc7 40. f4 Rc6 41. Qa4 Rf6 42. Kf3 Kd8 43. Qc4 h5 44. Qg8+ Kc7 45. Qh8 Rf5 46.
Qa8 Rb5 47. Qa7+ Kc6 48. Qa6+ Rb6 49. Qc8+ Kd6 50. Qf8+ Kc7 51. Qc5+ Rc6 52.
Qa5+ Kc8 53. Qxh5 Rxc2 54. Qe8+ Kc7 55. Qe5+ Kc8 56. g4 Rc6 57. f5 Kd8 58. g5
Rc3 59. Qe4 Rc5 60. h5 1-0

[Event "España ch sub-18 2012"]
[Site "Salobreña ESP"]
[Date "2012.07.28"]
[Round "8.5"]
[White "Rodriguez Ferraz, Borja"]
[Black "Meneses Gonzalez, Kevin Moises"]
[Result "1/2-1/2"]
[WhiteElo "2172"]
[BlackElo "2264"]
[PlyCount "59"]
[EventDate "2012.07.23"]
[EventType "swiss"]
[EventRounds "9"]
[EventCountry "ESP"]
[Source "lmi"]
[SourceDate "2012.07.23"]

1. d4 Nf6 2. c4 g6 3. Nc3 Bg7 4. Nf3 d6 5. g3 O-O 6. Bg2 Nbd7 7. O-O e5 8. h3
exd4 9. Nxd4 Re8 10. Bg5 h6 11. Be3 Nc5 12. Qc2 a5 13. Rfd1 Bd7 14. Rab1 Rxe3
15. fxe3 Qe7 16. e4 Re8 17. Nb3 Ncxe4 18. Nxe4 Nxe4 19. Qxe4 Qxe4 20. Bxe4 Rxe4
21. Nc5 dxc5 22. Rxd7 Rxe2 23. Rxc7 Bxb2 24. Rxb7 Bd4+ 25. Kh1 Rxa2 26. Ra7 a4
27. Rb8+ Kg7 28. Rbb7 Rf2 29. Rxa4 Rf1+ 30. Kg2 1/2-1/2

[Event "España ch sub-18 2012"]
[Site "Salobreña ESP"]
[Date "2012.07.28"]
[Round "8.6"]
[White "Villaseñor Rubio, Emilio Jose"]
[Black "Suarez Uriel, Adrian"]
[Result "0-1"]
[WhiteElo "2159"]
[BlackElo "2249"]
[PlyCount "58"]
[EventDate "2012.07.23"]
[EventType "swiss"]
[EventRounds "9"]
[EventCountry "ESP"]
[Source "lmi"]
[SourceDate "2012.07.23"]

1. e4 c5 2. Nf3 Nc6 3. d4 cxd4 4. Nxd4 g6 5. Nc3 Bg7 6. Be3 Nf6 7. Bc4 O-O 8.
Bb3 a5 9. O-O a4 10. Nxa4 Nxe4 11. c4 d6 12. Re1 Bd7 13. Nb5 Nc5 14. Bxc5 dxc5
15. Nxc5 Bf5 16. Qe2 Qb6 17. Na4 Qa5 18. Rad1 Rfd8 19. Nac3 Ne5 20. Bc2 Bxc2
21. Qxc2 Nxc4 22. Rxe7 Qb4 23. Rxb7 Rxd1+ 24. Qxd1 Qxb2 25. Nd5 Bd4 26. Ne7+
Kf8 27. Qe1 Rxa2 28. Nxg6+ Kg7 29. Nxd4 Ra1 0-1

[Event "España ch sub-18 2012"]
[Site "Salobreña ESP"]
[Date "2012.07.28"]
[Round "8.7"]
[White "Molina Rodriguez, Borja"]
[Black "Quintin Navarro, Alberto"]
[Result "1/2-1/2"]
[WhiteElo "2124"]
[BlackElo "2210"]
[PlyCount "203"]
[EventDate "2012.07.23"]
[EventType "swiss"]
[EventRounds "9"]
[EventCountry "ESP"]
[Source "lmi"]
[SourceDate "2012.07.23"]

1. e4 c5 2. Nf3 d6 3. d4 Nf6 4. Nc3 cxd4 5. Nxd4 a6 6. Be3 e5 7. Nf3 Be6 8. Ng5
Qc7 9. Nxe6 fxe6 10. Qf3 b5 11. Qh3 Qd7 12. Bd3 Be7 13. O-O O-O 14. a4 b4 15.
Ne2 Nc6 16. f4 Kh8 17. Rad1 Rfe8 18. Kh1 Bf8 19. f5 exf5 20. Rxf5 Qb7 21. Rdf1
Ne7 22. R5f2 Nxe4 23. Rf7 Qc6 24. Qh4 d5 25. Rxf8+ Rxf8 26. Rxf8+ Rxf8 27. Qxe7
Re8 28. Qxb4 Nf6 29. c3 e4 30. Bc2 Ng4 31. Qb6 Qc4 32. Ng3 Qa2 33. Bg1 Qa1 34.
h3 Ne5 35. Nf5 Rg8 36. Ne7 Nc4 37. Qe6 Re8 38. Ng6+ hxg6 39. Qxe8+ Kh7 40. Qd8
Ne3 41. Bb3 Nf5 42. Qg5 Qe1 43. Kh2 e3 44. Bc2 e2 45. Bxf5 Qxg1+ 46. Kxg1 e1=Q+
47. Kh2 Qe5+ 48. Qg3 Qxf5 49. b4 Qd7 50. a5 Qc6 51. Qe5 Qc4 52. Qd4 Qc7+ 53. g3
Qc6 54. Kg2 Qe6 55. Kf2 Qf5+ 56. Kg2 Qe6 57. Qd3 Qc6 58. Qd4 Qe6 59. h4 Qe2+
60. Qf2 Qe8 61. Qf3 Qe6 62. g4 Qc6 63. Kh3 Qc4 64. Kg2 d4 65. cxd4 Qxd4 66. h5
Qd2+ 67. Kg3 Qd6+ 68. Kh3 gxh5 69. gxh5 Qxb4 70. Qf5+ Kh8 71. Qc8+ Kh7 72. Qxa6
Qc3+ 73. Kg4 Qd4+ 74. Kf3 Qc3+ 75. Ke4 Qe1+ 76. Kd4 Qh4+ 77. Kc5 Qxh5+ 78. Kb4
Qh4+ 79. Qc4 Qe7+ 80. Qc5 Qb7+ 81. Qb6 Qe4+ 82. Kb5 Qe5+ 83. Kc6 Qe4+ 84. Kc7
Qe5+ 85. Kb7 Qd5+ 86. Kb8 Qe5+ 87. Qc7 Qe8+ 88. Ka7 Qe3+ 89. Ka8 Qe4+ 90. Qb7
Qe8+ 91. Ka7 Qe3+ 92. Qb6 Qe7+ 93. Kb8 Qe8+ 94. Kc7 Qe5+ 95. Kc6 Qe4+ 96. Kc5
Qe5+ 97. Kc4 Qe2+ 98. Kc3 Qe1+ 99. Kd3 Qd1+ 100. Ke4 Qc2+ 101. Kf3 Qc3+ 102.
Ke4 1/2-1/2

[Event "España ch sub-18 2012"]
[Site "Salobreña ESP"]
[Date "2012.07.28"]
[Round "8.8"]
[White "Medarde Santiago, Luis Marcos"]
[Black "Fernandez Lledo, Javier"]
[Result "1/2-1/2"]
[WhiteElo "2024"]
[BlackElo "2207"]
[PlyCount "60"]
[EventDate "2012.07.23"]
[EventType "swiss"]
[EventRounds "9"]
[EventCountry "ESP"]
[Source "lmi"]
[SourceDate "2012.07.23"]

1. e4 d6 2. d4 Nc6 3. Nf3 Bg4 4. Bb5 a6 5. Bxc6+ bxc6 6. h3 Bc8 7. O-O g6 8. c4
Bg7 9. Bg5 c5 10. Nc3 cxd4 11. Nxd4 c5 12. Nde2 Rb8 13. Qd2 h6 14. Be3 Bb7 15.
Rad1 Qc8 16. b3 Nf6 17. f3 Kf8 18. Nf4 Kg8 19. Nfd5 Bxd5 20. Nxd5 Nxd5 21. Qxd5
Qb7 22. f4 Qxd5 23. Rxd5 Bf8 24. e5 f5 25. exd6 exd6 26. g4 fxg4 27. hxg4 Re8
28. Rf3 Rh7 29. f5 g5 30. Kf2 Re4 1/2-1/2

[Event "España ch sub-18 2012"]
[Site "Salobreña ESP"]
[Date "2012.07.28"]
[Round "8.9"]
[White "Tejedor Fuentes, Enrique"]
[Black "Valhondo Morales, Ruben"]
[Result "1-0"]
[WhiteElo "2254"]
[BlackElo "2085"]
[PlyCount "167"]
[EventDate "2012.07.23"]
[EventType "swiss"]
[EventRounds "9"]
[EventCountry "ESP"]
[Source "lmi"]
[SourceDate "2012.07.23"]

1. e4 e5 2. Nf3 Nc6 3. Bb5 a6 4. Ba4 Nf6 5. d3 b5 6. Bb3 Be7 7. c3 d6 8. Nbd2
O-O 9. Nf1 d5 10. Qe2 d4 11. Ng3 Be6 12. O-O Qd7 13. cxd4 Bxb3 14. dxe5 Be6 15.
exf6 Bxf6 16. e5 Be7 17. Be3 Rad8 18. Rfd1 f6 19. d4 Bc4 20. Qe1 fxe5 21. Nxe5
Nxe5 22. dxe5 Qe6 23. b3 Bd5 24. Qc3 c6 25. f4 g6 26. Rf1 Qg4 27. Rae1 h5 28.
Bc1 Bh4 29. e6 Rde8 30. f5 Bf6 31. Qd3 Qd4+ 32. Qxd4 Bxd4+ 33. Be3 Bxe3+ 34.
Rxe3 h4 35. Ne4 Bxe4 36. Rxe4 gxf5 37. Re5 Rf6 38. e7 Kg7 39. Rf4 Rf7 40. Rfxf5
Rxf5 41. Rxf5 Rxe7 42. Rc5 Re6 43. Kf2 Rf6+ 44. Ke3 Rg6 45. Kf3 a5 46. a4 bxa4
47. bxa4 Rf6+ 48. Kg4 Rf2 49. Kh3 Rf4 50. Rxa5 Kg6 51. Ra8 Kg5 52. a5 Ra4 53.
a6 Kg6 54. a7 Kg7 55. Rc8 Rxa7 56. Kxh4 Ra2 57. Rc7+ Kg8 58. Kh3 Rc2 59. g4 c5
60. Kg3 Rc3+ 61. Kh4 Kf8 62. g5 Rc2 63. Kg3 Rc4 64. h4 Kg8 65. h5 Rc1 66. Kg4
c4 67. Kf5 c3 68. Kf6 Rf1+ 69. Kg6 Rf8 70. Rxc3 Ra8 71. Rc6 Rf8 72. h6 Kh8 73.
Rf6 Ra8 74. Re6 Rf8 75. Kh5 Ra8 76. g6 Ra5+ 77. Kg4 Ra4+ 78. Kg5 Ra5+ 79. Kf6
Ra8 80. g7+ Kh7 81. Kf7 Ra7+ 82. Re7 Ra8 83. Re8 Ra7+ 84. Kf8 1-0

[Event "España ch sub-18 2012"]
[Site "Salobreña ESP"]
[Date "2012.07.28"]
[Round "8.10"]
[White "Bals Hernandez, Jordi"]
[Black "Angeleri Gastanaga, Rodrigo N"]
[Result "0-1"]
[WhiteElo "2166"]
[BlackElo "2096"]
[PlyCount "42"]
[EventDate "2012.07.23"]
[EventType "swiss"]
[EventRounds "9"]
[EventCountry "ESP"]
[Source "lmi"]
[SourceDate "2012.07.23"]

1. c4 Nf6 2. Nc3 g6 3. d4 Bg7 4. e4 d6 5. f3 O-O 6. Be3 Nc6 7. Qd2 a6 8. Nge2
Rb8 9. h4 h5 10. O-O-O b5 11. Ng3 b4 12. Nd5 e5 13. dxe5 Nxd5 14. exd5 Nxe5 15.
Bg5 Qe8 16. f4 Ng4 17. f5 Qa4 18. Kb1 Bc3 19. Qc2 Qxc2+ 20. Kxc2 Be5 21. Ne4
Bxf5 0-1

[Event "España ch sub-18 2012"]
[Site "Salobreña ESP"]
[Date "2012.07.28"]
[Round "8.11"]
[White "Fernandez Diaz, Cristian"]
[Black "Donado-Mazarron Gomez, Miguel"]
[Result "0-1"]
[WhiteElo "2162"]
[BlackElo "2055"]
[PlyCount "92"]
[EventDate "2012.07.23"]
[EventType "swiss"]
[EventRounds "9"]
[EventCountry "ESP"]
[Source "lmi"]
[SourceDate "2012.07.23"]

1. d4 Nf6 2. Nf3 c5 3. d5 g6 4. Nc3 Bg7 5. e4 d6 6. Be2 O-O 7. O-O Na6 8. h3
Nc7 9. a4 Rb8 10. Bf4 Nd7 11. Qd2 b6 12. Bh6 a6 13. Bxg7 Kxg7 14. Qf4 f6 15.
Qg3 b5 16. axb5 axb5 17. Nd2 Ne5 18. f4 Nf7 19. Nf3 f5 20. Rad1 b4 21. Na4 fxe4
22. Nd2 Bf5 23. Bc4 Nh6 24. Qe3 e6 25. dxe6 d5 26. Qxc5 Nxe6 27. Qxd5 Qxd5 28.
Bxd5 e3 29. Bxe6 e2 30. Bxf5 Rxf5 31. Nf3 exd1=Q 32. Rxd1 Rxf4 33. Nc5 Rc4 34.
Rd7+ Kg8 35. Ne6 Nf7 36. Ned4 Rc5 37. Re7 Rc4 38. Kf2 Ng5 39. b3 Nxf3 40. Nxf3
Rxc2+ 41. Kg3 Rc3 42. Kf4 Rxb3 43. Ng5 Rb2 44. g4 b3 45. Nxh7 Rf2+ 46. Kg5 Rf7
0-1

[Event "España ch sub-18 2012"]
[Site "Salobreña ESP"]
[Date "2012.07.28"]
[Round "8.12"]
[White "Santos Ruiz, Miguel"]
[Black "Cerrato Torrijos, Maria"]
[Result "1-0"]
[WhiteElo "2106"]
[BlackElo "2114"]
[PlyCount "59"]
[EventDate "2012.07.23"]
[EventType "swiss"]
[EventRounds "9"]
[EventCountry "ESP"]
[Source "lmi"]
[SourceDate "2012.07.23"]

1. e4 c5 2. Nf3 g6 3. Bc4 Bg7 4. c3 Nc6 5. d4 cxd4 6. cxd4 d6 7. h3 Nf6 8. Nc3
O-O 9. Bb3 b6 10. O-O Ba6 11. Re1 Na5 12. Bc2 Rc8 13. Bd3 Bxd3 14. Qxd3 Qc7 15.
Bg5 Qb7 16. Nd2 a6 17. Rac1 b5 18. b3 h6 19. Be3 Rc7 20. e5 dxe5 21. dxe5 Nd7
22. f4 Rfc8 23. Nde4 Nb6 24. Kh2 Rc6 25. Bxb6 Qxb6 26. Nd5 Qb7 27. Rcd1 Kf8 28.
Qd2 b4 29. Nxb4 Re6 30. Qd8+ 1-0